000
00249nam a2200109Ia 4500
999
_c
7811
_d
7811
020
_a
978-1861002617
100
_a
Blexrud,Chris
245
0
_a
Professional Active Server Pages 3.0
260
_a
India
_b
McGraw-Hill
_c
1999
300
_a
1275
942
_c
BK